00357nam a22001337a 4500008004100000020001500041082001600056100001800072245002800090250001900118260004300137300001600180650002700196200609b ||||| |||| 00| 0 eng d a812192616500a620.1bK459 aKhurmi, R. S.10aEngineering mechanics / a20th ed., rev. aNew Delhi :bS. Chand Pvt. Ltd.c2008. axii, 765 p. 0aMechanical Engineering